Countries with English as an Official Language - Statistics

General Stats
  • This quiz has been taken 62 times
  • The average score is 40 of 54
Answers on the Map
Answers color-coded by a green-red scale on the quiz's map according to % correct below.
 
Answer Stats
Answer % Correct
Canada
93%
Nigeria
90%
South Africa
90%
Ireland
86%
New Zealand
84%
Botswana
83%
India
83%
Ghana
81%
Uganda
81%
Kenya
79%
Palau
79%
Solomon Islands
79%
Eswatini
78%
Federated States of Micronesia
78%
Fiji
78%
Marshall Islands
78%
Namibia
78%
Samoa
78%
Tuvalu
78%
Zimbabwe
78%
Bahamas
76%
Kiribati
76%
Lesotho
76%
Philippines
76%
Saint Lucia
76%
Tanzania
76%
Vanuatu
76%
Zambia
76%
Jamaica
74%
Nauru
74%
Saint Kitts and Nevis
74%
Seychelles
74%
Rwanda
72%
Saint Vincent and the Grenadines
72%
Tonga
72%
Antigua and Barbuda
71%
Barbados
71%
Belize
71%
Grenada
71%
Singapore
71%
South Sudan
71%
Sudan
71%
Guyana
69%
Papua New Guinea
69%
Trinidad and Tobago
69%
Burundi
67%
Gambia
67%
Liberia
67%
Pakistan
67%
Malawi
66%
Dominica
64%
Malta
64%
Sierra Leone
64%
Cameroon
60%
No matching quizzes found
Score Distribution
Percent of People with Each Score
Percentile by Number Answered
Your Score History
You have not taken this quiz